000 00671nam a22002172 4500
001 0000000271
005 20151021151043.0
008 070119s xx 000 0 eng d
020 _a8178081091 :
_cKES 3,300
040 _aKABU
_cKABU
050 0 _aQA76.73
_b.J38G43 1999
100 1 _aGeary, David M.
_@0000148367
245 1 0 _aGraphic Java 1.2 :
_bmastering the JFC Volume/AWT /
_cDavid M Geary.
250 _a3rd ed.
260 _aDelhi :
_bAddision Wesley,
_c1999.
300 _axxix, 878 p.
650 0 _aJava (Computer program language)
_@0000148169
908 _a070119
950 _@1
999 _c131
_d131